Frankfurt am Main (Record no. 7888)

MARC details
000 -CABECERA
campo de control de longitud fija 00683nam a2200217 a 4500
001 - NÚMERO DE CONTROL
campo de control BRCA_8220
005 - FECHA Y HORA DE LA ÚLTIMA TRANSACCIÓN
campo de control 20190320210201.0
008 - DATOS DE LONGITUD FIJA--INFORMACIÓN GENERAL
campo de control de longitud fija 190514s1961----gw-adb#f##---#001-0#ger-#
041 ## - CÓDIGO DE LENGUA
Código de lengua del texto/banda sonora o título independiente ger
044 ## - CÓDIGO DEL PAÍS DE LA ENTIDAD EDITORA/PRODUCTORA
Código MARC del país gw
050 #4 - SIGNATURA TOPOGRÁFICA DE LA BIBLIOTECA DEL CONGRESO
Número de clasificación N2302
Número de documento/Ítem .K73 1961
245 10 - MENCIÓN DE TÍTULO
Título Frankfurt am Main
Resto del título augenblick und ewigkeit
Mención de responsabilidad, etc. Gemälde und schriften ausgewahlt, gedruckt und verlag von Waldemar Krammer.
260 ## - PUBLICACIÓN, DISTRIBUCIÓN, ETC.
Lugar de publicación, distribución, etc. Frankfurt
Nombre del editor, distribuidor, etc. W. Krammer
Fecha de publicación, distribución, etc. 1961
300 ## - DESCRIPCIÓN FÍSICA
Extensión 299 p.
Otras características físicas il. (algunas a color)
Dimensiones 31 cm.
500 ## - NOTA GENERAL
Nota general T2
651 #4 - PUNTO DE ACCESO ADICIONAL DE MATERIA--NOMBRE GEOGRÁFICO
Nombre geográfico Frankfurt, Alemania
Subdivisión de forma Obras de arte
9 (RLIN) 20494
651 #4 - PUNTO DE ACCESO ADICIONAL DE MATERIA--NOMBRE GEOGRÁFICO
Nombre geográfico Frankfurt, Alemania
Subdivisión de forma Pinturas
9 (RLIN) 20495
700 1# - PUNTO DE ACCESO ADICIONAL--NOMBRE DE PERSONA
Nombre de persona Krammer, Waldemar
Nombre de parte o sección de la obra ed.
9 (RLIN) 20496
902 ## - CATALOGADOR
Iniciales GFM
942 ## - ELEMENTOS DE PUNTO DE ACCESO ADICIONAL (KOHA)
Fuente del sistema de clasificación o colocación Library of Congress Classification
Tipo de ítem Koha Libros
Holdings
Estado de retiro Estado de pérdida Estado dañado No para préstamo Localización permanente Ubicación/localización actual Fecha de adquisición Número de inventario Total de préstamos Signatura topográfica completa Código de barras Fecha visto por última vez Precio válido a partir de Tipo de ítem Koha
El ejemplar forma parte de la colección y puede ser consultado según las políticas vigentes.       Biblioteca del Museo Franz Mayer (Rogerio Casas-Alatriste) Biblioteca del Museo Franz Mayer (Rogerio Casas-Alatriste) 19/05/2014 T2   N2302 .K73 1961 (T2) 8844 22/03/2019 22/03/2019 Libros